=LDR 00000nam 2200000 4500 =001 INLIS000000000045762 =005 20150210072354.0 =006 =007 =008 =020 ##$$a 978-979-29-0179-5 =035 ##$$0010-021500000000322 =040 ##$$a NBPDMAT =082 ##$$a 621.902 =090 ##$$a 621.902 $b Zev P =100 ##$$a Zevy D Moran =245 ##$$a Peralatan Bengkel Otomotif / $c Zevy D. Moran =260 ##$$a Yogyakarta $b Andi $c 2010 =300 ##$$a 242 hlm $b Ilus $c 21cm =500 ##$$a Bibliografi : hal. 241 =650 ##$$a Mesin Peralatan =990 ##$$a 0001/BPAP-NTB/2015